| 000 | 01095nam a22002417a 4500 | ||
|---|---|---|---|
| 003 | OSt | ||
| 005 | 20250925175944.0 | ||
| 008 | 240315b ||||| |||| 00| 0 eng d | ||
| 040 | _c0 | ||
| 082 | _aDPer 621.381 In821 August 2022 v. 37 n. 8 | ||
| 100 |
_aAttique, Qamar Muhammad. _eauthor. _954770 |
||
| 245 |
_aA generalized simplified virtual vector PWM to balance the capacitor voltages of multilevel diode-clamped converters / _cQamar Muhammad Attique, Kui Wang, Zedong Zheng, Hong Zhu, Yongdong Li, and Jose Rodriguez. |
||
| 260 |
_aNew York ; _bThe Institute of Electrical and Electronics Engineers, Inc. , _cAugust 2022. |
||
| 300 |
_aVolume 37, pages 9377-9391 : _billustration ; _c28 cm. |
||
| 500 | _aIEEE Transitions on Power Electronics, v. 37 n. 8, pages 9377-9391, August 2022. | ||
| 700 |
_aAttique, Qamar Muhammad. _eauthor. _954770 |
||
| 700 |
_aWang, Kui. _eauthor. _954771 |
||
| 700 |
_aZheng, Zedong. _eauthor. _954772 |
||
| 700 |
_aZhu, Hong. _eauthor. _954773 |
||
| 700 |
_aLi, Yongdong. _eauthor. _954774 |
||
| 700 |
_aRodriguez, Jose. _eauthor. _954775 |
||
| 942 |
_2ddc _cPER |
||
| 999 |
_c19702 _d19702 |
||